Loading...
Tamil saiva bhaktha kavi Tirujnanasambandhar /
| Main Author: | |
|---|---|
| Format: | Printed Book |
| Language: | Hindi |
| Published: |
New Delhi :
Sahitya Shodh Sansthan ,
2000.
|
| LEADER | 00552nam a2200157Ia 4500 | ||
|---|---|---|---|
| 008 | 150624b xxu||||| |||| 00| | hin d | ||
| 020 | |a 8185073155 | ||
| 082 | |a 894.8111S | ||
| 100 | |a Seth, Ravinderkumar | ||
| 245 | |c Ravinderkumar Seth |a Tamil saiva bhaktha kavi Tirujnanasambandhar / | ||
| 260 | |a New Delhi : |b Sahitya Shodh Sansthan , |c 2000. | ||
| 300 | |a 351 p. | ||
| 546 | |a In Hindi. | ||
| 942 | |c BK | ||
| 999 | |c 93879 |d 93879 | ||
| 952 | |0 0 |1 0 |4 0 |6 894_000000000000000_8111S_TAM |7 0 |9 93821 |a UL |b UL |c ST1 |d 2012-10-27 |l 0 |o 894.8111S TAM |p G8644 |r 2012-10-27 |w 2012-10-27 |y BK | ||